[Event "Warsaw Najdorf Memorial op-B"]
[Site "Warsaw"]
[Date "2023.07.19"]
[Round "9"]
[White "Sypien, Natan"]
[Black "Terkiewicz, Bruno"]
[Result "1-0"]
[WhiteElo "1782"]
[BlackElo "1922"]
[PlyCount "55"]
[EventDate "2023.07.11"]
[EventType "swiss"]
[EventRounds "9"]
[EventCountry "POL"]
[SourceTitle "EXT 2024"]
[Source "ChessBase"]
[SourceDate "2023.10.10"]
[SourceVersion "1"]
[SourceVersionDate "2023.10.10"]
[SourceQuality "1"]

1. e4 c5 2. Nf3 Nc6 3. Bb5 e5 4. 0-0 Bd6 5. c3 a6 6. Ba4 b5 7. Bc2 Nge7 8. a4 b4 9. d4 cxd4 10. cxd4 Nxd4 11. Nxd4 exd4 12. Nd2 Qc7 13. h3 Bb7 14. Bb3 0-0 15. Re1 Bc5 16. Nf3 d5 17. e5 Ng6 18. Bg5 Rfe8 19. Rc1 Rac8 20. e6 fxe6 21. Nxd4 Qb6 22. a5 Qxa5 23. Nxe6 Ba7 24. Rxc8 Rxc8 25. Be3 Bxe3 26. Rxe3 Re8 27. Nc5 Rxe3 28. Nxb7 1-0

[Event "Wroclaw Anderssen Memorial op-B"]
[Site "Wroclaw"]
[Date "2023.??.??"]
[Round "4"]
[White "Zakrzewski, Maksymilian"]
[Black "Sypien, Natan"]
[Result "0-1"]
[WhiteElo "1574"]
[BlackElo "1800"]
[PlyCount "122"]
[EventDate "2023.08.06"]
[EventType "swiss"]
[EventRounds "9"]
[EventCountry "POL"]
[SourceTitle "EXT 2024"]
[Source "ChessBase"]
[SourceDate "2023.10.10"]
[SourceVersion "1"]
[SourceVersionDate "2023.10.10"]
[SourceQuality "1"]

1. e4 e5 2. Nf3 Nc6 3. Bb5 a6 4. Ba4 Nf6 5. d3 b5 6. Bb3 Be7 7. c3 0-0 8. 0-0 d5 9. exd5 Nxd5 10. Re1 Bf6 11. a4 b4 12. Bc2 Rb8 13. h3 Bf5 14. d4 Bxc2 15. Qxc2 exd4 16. cxd4 Nxd4 17. Nxd4 Bxd4 18. Nd2 Qd6 19. Nf3 Bf6 20. Ng5 Bxg5 21. Bxg5 Rfe8 22. Red1 Re6 23. Bh4 Qd7 24. Qc4 c6 25. Qxa6 Rbe8 26. Bg3 h6 27. Qc4 Re4 28. Qd3 Qf5 29. Qa6 Qg6 30. Rac1 R4e6 31. a5 f5 32. Qc4 f4 33. Bh2 h5 34. Kh1 Re2 35. Bg1 R8e6 36. a6 Ne3 37. Qxe6+ Qxe6 38. Rd8+ Kh7 39. a7 Qg6 40. Rh8+ Kxh8 41. a8Q+ Kh7 42. Qxc6 Qxc6 43. Rxc6 Nd1 44. Rd6 Nxf2+ 45. Bxf2 Rxf2 46. b3 f3 47. g4 hxg4 48. hxg4 Rb2 49. Kg1 Rg2+ 50. Kf1 Rxg4 51. Kf2 Rf4 52. Rd1 g5 53. Rd6 Kg7 54. Rc6 g4 55. Rc1 Kg6 56. Kg3 Kg5 57. Kf2 Rf5 58. Rc4 g3+ 59. Kf1 f2 60. Rc1 Kg4 61. Rd1 Kh3 0-1

[Event "POL-chT3 Dolnoslaskie 1617"]
[Site "Poland"]
[Date "2017.03.05"]
[Round "8.25"]
[White "Sypien, Natan"]
[Black "Kisiel, Zbigniew"]
[Result "1-0"]
[WhiteElo "1665"]
[BlackElo "1430"]
[PlyCount "50"]
[EventDate "2016.10.16"]
[EventType "team-tourn"]
[EventRounds "11"]
[EventCountry "POL"]
[SourceTitle "EXT 2018"]
[Source "ChessBase"]
[SourceDate "2017.10.13"]
[SourceVersion "1"]
[SourceVersionDate "2017.10.13"]
[SourceQuality "1"]

1. d4 d5 2. c4 e6 3. Nc3 Nf6 4. Bg5 Be7 5. Nf3 0-0 6. e3 Ne4 7. Bf4 Bb4 8. Qc2 Nxc3 9. bxc3 Bd6 10. Bxd6 Qxd6 11. c5 Qe7 12. Bd3 f5 13. Ne5 Nd7 14. Nxd7 Bxd7 15. 0-0 c6 16. Rab1 Bc8 17. f4 a6 18. Rf3 Rb8 19. Bxa6 Qc7 20. Bd3 b6 21. cxb6 Rxb6 22. Rff1 c5 23. Rxb6 Qxb6 24. Rb1 Qa7 25. Bb5 c4 1-0

[Event "Polanica Zdroj op-C 52nd"]
[Site "Polanica Zdroj"]
[Date "2016.08.28"]
[Round "6"]
[White "Paziewski, Marcin"]
[Black "Sypien, Natan"]
[Result "0-1"]
[WhiteElo "1716"]
[BlackElo "1525"]
[PlyCount "96"]
[EventDate "2016.08.20"]
[EventType "swiss"]
[EventRounds "9"]
[EventCountry "POL"]
[SourceTitle "CBM 174 Extra"]
[Source "ChessBase"]
[SourceDate "2016.10.10"]
[SourceVersion "1"]
[SourceVersionDate "2016.10.10"]
[SourceQuality "1"]

1. d4 Nf6 2. c4 e6 3. Nc3 Bb4 4. Qc2 c5 5. a3 Qa5 6. Bd2 cxd4 7. Nb5 Bxd2+ 8. Qxd2 Qxd2+ 9. Kxd2 Ne4+ 10. Ke1 Na6 11. f3 Nf6 12. Nxd4 b6 13. e4 d6 14. Nb5 Ke7 15. Rd1 Rd8 16. h4 Bb7 17. g4 Nc5 18. b4 a6 19. Nc7 Rac8 20. bxc5 Rxc7 21. cxb6 Rc6 22. Rh2 Rxb6 23. Rhd2 Nd7 24. Nh3 Nc5 25. Nf2 Bc6 26. Nd3 Ba4 27. Rc1 Rdb8 28. Nb4 a5 29. Nc2 Nb3 30. Rcd1 Nxd2 31. Rxd2 Bxc2 32. Rxc2 Rb1+ 33. Kf2 R8b2 34. Rxb2 Rxb2+ 35. Be2 Ra2 36. a4 Rxa4 37. Ke3 Kd7 38. c5 Kc6 39. cxd6 Kxd6 40. f4 Kc5 41. f5 e5 42. g5 Ra3+ 43. Bd3 a4 44. h5 Rb3 45. g6 fxg6 46. h6 gxh6 47. f6 Kd6 48. Kd2 Rxd3+ 0-1

[Event "Polanica Zdroj op-C 52nd"]
[Site "Polanica Zdroj"]
[Date "2016.08.28"]
[Round "9"]
[White "Sypien, Natan"]
[Black "Jankowiak, Piotr"]
[Result "0-1"]
[WhiteElo "1525"]
[BlackElo "1724"]
[PlyCount "32"]
[EventDate "2016.08.20"]
[EventType "swiss"]
[EventRounds "9"]
[EventCountry "POL"]
[SourceTitle "CBM 174 Extra"]
[Source "ChessBase"]
[SourceDate "2016.10.10"]
[SourceVersion "1"]
[SourceVersionDate "2016.10.10"]
[SourceQuality "1"]

1. d4 d5 2. c4 e6 3. Nc3 Nf6 4. Bg5 c6 5. e3 h6 6. Bh4 Nbd7 7. Nf3 Bb4 8. Nd2 0-0 9. Rc1 Re8 10. Be2 b6 11. cxd5 exd5 12. 0-0 Bb7 13. Qb3 Be7 14. Bf3 Nf8 15. Ne2 g5 16. Bxg5 hxg5 0-1

[Event "POL-chT U19 2nd League"]
[Site "Iwonicz"]
[Date "2016.07.31"]
[Round "3.50"]
[White "Fudalej, Slawomir"]
[Black "Sypien, Natan"]
[Result "1-0"]
[WhiteElo "1597"]
[BlackElo "1461"]
[PlyCount "70"]
[EventDate "2016.07.23"]
[EventType "team-swiss"]
[EventRounds "11"]
[EventCountry "POL"]
[SourceTitle "EXT 2019"]
[Source "ChessBase"]
[SourceDate "2018.10.10"]
[SourceVersion "1"]
[SourceVersionDate "2018.10.10"]
[SourceQuality "1"]
[WhiteTeam "Kozuchow Odrodzenie U19"]
[BlackTeam "Radkow Giecek U19"]
[WhiteTeamCountry "POL"]
[BlackTeamCountry "POL"]

1. e4 c5 2. Nf3 d6 3. d4 cxd4 4. Nxd4 Nf6 5. Nc3 g6 6. f3 Bg7 7. Be3 0-0 8. Qd2 Nc6 9. 0-0-0 Nxd4 10. Bxd4 Be6 11. g4 Qa5 12. Kb1 Rfc8 13. a3 Rab8 14. h4 b5 15. Nd5 Qxd2 16. Nxf6+ Bxf6 17. Rxd2 Bxd4 18. Rxd4 Rc5 19. c3 h6 20. Be2 Kg7 21. f4 f6 22. Kc2 a5 23. b4 axb4 24. axb4 Rcc8 25. Ra1 Ra8 26. Rxa8 Rxa8 27. Bxb5 Ra2+ 28. Kb1 Rg2 29. f5 Bf7 30. fxg6 Kxg6 31. Bd7 h5 32. b5 Ra2 33. gxh5+ Kxh5 34. Be8 Bxe8 35. Kxa2 Bxb5 1-0